000 00482nam a2200157Ia 4500
999 _c19474
_d19474
003 OSt
005 20200622122417.0
008 190216s9999||||xx |||||||||||||| ||und||
040 _coclc
082 _a954.022
_bBAN/N
100 _aBanerjee, Anil Chandra
_93094
245 0 _aA New History Of Medieval India /
_cAnil Chandra Banerjee
260 _bS Chand & Company,
_c1983.
_aNew Delhi:
300 _a494p
942 _cBK
_2ddc
_h954.022
_iBAN/N
_k954.022
_mBAN/N